• AIU
  • Tony Wilmot Memorial Library

Radical obedience : (Record no. 30336)

MARC details
000 -LEADER
fixed length control field 00520nam a22001691a 4500
003 - CONTROL NUMBER IDENTIFIER
control field NEGST
005 - DATE AND TIME OF LATEST TRANSACTION
control field 20110718130700.0
008 - FIXED-LENGTH DATA ELEMENTS--GENERAL INFORMATION
fixed length control field 040608s1964 pau 001 0 eng d
100 1# - MAIN ENTRY--PERSONAL NAME
Personal name Oden, Thomas C.
245 10 - TITLE STATEMENT
Title Radical obedience :
Remainder of title the ethics of Rudolf Bultmann /
Statement of responsibility, etc Thomas C. Oden
Medium [Text]
260 ## - PUBLICATION, DISTRIBUTION, ETC. (IMPRINT)
Place of publication, distribution, etc Philadelphia
Name of publisher, distributor, etc Westminster Press
Date of publication, distribution, etc 1964
300 ## - PHYSICAL DESCRIPTION
Extent 176 p.
500 ## - GENERAL NOTE
General note Includes bibliographical references and index.
590 ## - LOCAL NOTE (RLIN)
Local note Accession number: 31167
650 #0 - SUBJECT ADDED ENTRY--TOPICAL TERM
Topical term or geographic name as entry element Christian ethics.
Holdings
Withdrawn status Lost status Source of classification or shelving scheme Damaged status Not for loan Collection code Home library Current library Shelving location Date acquired Source of acquisition Cost, normal purchase price Total Checkouts Full call number Barcode Date last seen Copy number Price effective from Koha item type
    Library of Congress Classification     General Circulation AIU/NEGST - Tony Wilmot Memorial Library AIU/NEGST - Tony Wilmot Memorial Library General Stacks 09/28/2009 Donation 20.00   BX 482.B78O3 1952 R09461Y3232 09/26/2019 1 09/28/2009 Books